Score 0/14 Timer 10:00
1 Play Today
Character Name Name % Correct
Michael ScarnMichael
97.3%
GoldenfaceJim
94.6%
NarratorStanley
94.6%
Billy the BartenderAndy
91.9%
President JacksonDarryl
91.9%
Cherokee JackCreed
86.5%
Speed SkaterOscar
86.5%
Character Name Name % Correct
Jasmine WindsongJan
78.4%
Samuel L ChangDwight
75.7%
Sexy NurseHelene
75.7%
Drunk Man in BarTodd
67.6%
SandraPam
64.9%
NHL CoachRyan
56.8%
Piano PlayerTony
21.6%
Remove Ads.
Support Sporcle.
Get the best of Sporcle when you Go Orange. This ad-free experience offers more features, more stats, and more fun while also helping to support Sporcle. Thank you for becoming a member.

You're not logged in!

Compare scores with friends on all Sporcle quizzes.
OR
Log In

Sporcle TV

Today on Sporcle TV


Watch our educational content, quiz creation guides, and fun videos on Sporcle TV.

Show Comments

Extras

Top Quizzes Today


Score Distribution

Paid Content

Your Account Isn't Verified!

In order to create a playlist on Sporcle, you need to verify the email address you used during registration. Go to your Sporcle Settings to finish the process.

Report this User

Report this user for behavior that violates our Community Guidelines.

Details: